000 00297nam a22001337a 4500
008 170814b xxu||||| |||| 00| 0 eng d
020 _a9780618072385
041 _aeng
080 _25TH
_a51
100 _a36
101 _aMAT
245 _aSTUDY AND SOLUTIONS GUIDE
_cZOOK,D.L
942 _2udc
_cBK
999 _c23336
_d23336